000
00500nam a2200145Ia 4500
008
151213s9999 xx 000 0 und d
100
_a
শামছুন নাহার।
245
_a
নগ্ন রাতের ঘ্রান।
_c
শামছুন নাহার।
260
_a
ঢাকা
_b
জাগৃতি প্রকাশনী।
_c
2007
300
_a
8787 p.
650
_a
Bangla
650
_a
কবিতা
700
_a
শামছুন নাহার।
999
_c
4572
_d
4572